000 00829nam a2200217 a 4500
008 100325s2002 ||||||||||||||||| || u
020 _a0256139881
050 _aHF 5415.135 Mas
100 _aPerreault, William D
245 1 4 _aThe marketing game!: with student CD-ROM. -- 3rd ed.
_cCharlotte H. Mason, William D. Perreault
250 _a3rd ed.
260 _aBoston
_bMcGraw-Hill
_c2002
300 _axviii, 100p.: ill. + CD-ROM
350 _a0.00
500 _aAccompanied by a CD-ROM
650 0 _aMARKETING--MANAGEMENT--CASE STUDIES
650 _aMANAGEMENT GAMES
650 _aMARKETING--DECISION MAKING
700 _aMason, Charlotte H
995 _D0.00
_FCBU-MAIN LIBRARY (Kitwe)
_H1
_I0.00
_M1
_UAVAILABLE
_WApr 12, 2010
_ZMain Library Open Access Collection
999 _c50439
_d50439